| 000 | 00434nam a2200181Ia 4500 | ||
|---|---|---|---|
| 005 | 20250603145213.0 | ||
| 008 | 250603s9999 xx 000 0 und d | ||
| 020 | _a9788122436877 | ||
| 050 | _aHT 421 .C45/ | ||
| 100 | _aChitamber, J. B. | ||
| 245 | 0 | _aIntroductory rural sociology | |
| 260 | _aNew Delhi | ||
| 260 | _bNew Age International Limited | ||
| 260 | _c2015 | ||
| 300 | _a257 p | ||
| 650 | _aNew Delhi | ||
| 942 | _cBK | ||
| 999 |
_c41178 _d41178 |
||